Liberia : Enhanced Initiative for Heavily Indebted Poor Countries Initiative; Request for Additional Interim Assistance; and Press Release.

This paper reviews the Enhanced Initiative for Heavily Indebted Poor Countries (HIPC) Initiative for Liberia. Performance under the Extended Credit Facility (ECF)-supported program is solid. The third ECF review was completed on a lapse of time basis on December 18, 2009. All but one of the quantita...

全面介紹

書目詳細資料
企業作者: International Monetary Fund
格式: 雜誌
語言:English
出版: Washington, D.C. : International Monetary Fund, 2010.
叢編:IMF Staff Country Reports; Country Report ; No. 2010/091
在線閱讀:Full text available on IMF
LEADER 01704cas a2200241 a 4500
001 AALejournalIMF006407
008 230101c9999 xx r poo 0 0eng d
020 |c 5.00 USD 
020 |z 9781455202430 
022 |a 1934-7685 
040 |a BD-DhAAL  |c BD-DhAAL 
110 2 |a International Monetary Fund. 
245 1 0 |a Liberia :   |b Enhanced Initiative for Heavily Indebted Poor Countries Initiative; Request for Additional Interim Assistance; and Press Release. 
264 1 |a Washington, D.C. :  |b International Monetary Fund,  |c 2010. 
300 |a 1 online resource (5 pages) 
490 1 |a IMF Staff Country Reports 
500 |a <strong>Off-Campus Access:</strong> No User ID or Password Required 
500 |a <strong>On-Campus Access:</strong> No User ID or Password Required 
506 |a Electronic access restricted to authorized BRAC University faculty, staff and students 
520 3 |a This paper reviews the Enhanced Initiative for Heavily Indebted Poor Countries (HIPC) Initiative for Liberia. Performance under the Extended Credit Facility (ECF)-supported program is solid. The third ECF review was completed on a lapse of time basis on December 18, 2009. All but one of the quantitative performance criteria (PC) for the end-June 2009 test date were observed. The PC on total revenue collection was not observed but the deviation was temporary and did not jeopardize program objectives. Structural reform commitments were largely met, though some with delays. 
538 |a Mode of access: Internet 
830 0 |a IMF Staff Country Reports; Country Report ;  |v No. 2010/091 
856 4 0 |z Full text available on IMF  |u http://elibrary.imf.org/view/journals/002/2010/091/002.2010.issue-091-en.xml  |z IMF e-Library